<?xml version="1.0" encoding="UTF-8"?>
<record
    xmlns:xsi="http://www.w3.org/2001/XMLSchema-instance"
    xsi:schemaLocation="http://www.loc.gov/MARC21/slim http://www.loc.gov/standards/marcxml/schema/MARC21slim.xsd"
    xmlns="http://www.loc.gov/MARC21/slim">

  <leader>02600nam a2200193 i 4500</leader>
  <controlfield tag="005">20250122151616.0</controlfield>
  <controlfield tag="007">ta</controlfield>
  <controlfield tag="008">250122b2020    dr  |||| |||| 001 e spa d</controlfield>
  <datafield tag="020" ind1=" " ind2=" ">
    <subfield code="a">978-9945-09-462-6</subfield>
  </datafield>
  <datafield tag="040" ind1=" " ind2=" ">
    <subfield code="a">CD001</subfield>
    <subfield code="c">CD001</subfield>
    <subfield code="e">rda</subfield>
  </datafield>
  <datafield tag="082" ind1="0" ind2="4">
    <subfield code="2">21</subfield>
    <subfield code="a">303.483/S323e</subfield>
  </datafield>
  <datafield tag="100" ind1=" " ind2=" ">
    <subfield code="a">Edwin Santana soriano</subfield>
  </datafield>
  <datafield tag="245" ind1=" " ind2=" ">
    <subfield code="a">&#xC9;tica, Tecnolog&#xED;a y sociedad</subfield>
    <subfield code="b">Pautas para la comprensi&#xF3;n de nuestra actualidad/</subfield>
    <subfield code="c">Santana Soriano, Edwin </subfield>
  </datafield>
  <datafield tag="260" ind1=" " ind2=" ">
    <subfield code="a">Santo Domingo,Rep&#xFA;blica Dominicana</subfield>
    <subfield code="b">Conocimiento para todos</subfield>
    <subfield code="c">2020</subfield>
  </datafield>
  <datafield tag="300" ind1=" " ind2=" ">
    <subfield code="a">178p.</subfield>
  </datafield>
  <datafield tag="505" ind1=" " ind2=" ">
    <subfield code="a">&#xED;ndice  INTRODUCCI&#xD3;N. 1-Aspectos metodol&#xF3;gicos.26-
CAP&#xCD;TULO I: ASPECTOS ONTOL&#xD3;GICOS DE LA TECNOLOG&#xCD;A
33- La tecnolog&#xED;a, su relaci&#xF3;n con los dem&#xE1;s saberes y su lugar entre ellos 33-
T&#xE9;cnica y tecnolog&#xED;a...34- T&#xE9;cnica, tecnolog&#xED;a y ciencia 36 
CAP&#xCD;TULO II. ASPECTOS EPISTEMOL&#xD3;GICOS Marcador no definido. &#xA1;Error!
Tecnolog&#xED;a y arte.45--Tecnolog&#xED;a y religi&#xF3;n 47- Tecnolog&#xED;a y filosof&#xED;a.50-Conocimiento cient&#xED;fico y t&#xE9;cnica 65- Cientificidad de la tecnolog&#xED;a. 75- El origen de la t&#xE9;cnica 78 La t&#xE9;cnica en la Antig&#xFC;edad y la Edad Media 83- La t&#xE9;cnica moderna y las reacciones desde la filosof&#xED;a- 89 La filosof&#xED;a de la tecnolog&#xED;a desde el &#xE1;mbito ingenieril: la tecnofilia. 93- La filosof&#xED;a de la tecnolog&#xED;a desde las humanidades: la tecnofobia 96- Conclusi&#xF3;n: lo negativo de la actitud tecnofilia y la actitud tecnof&#xF3;bica en la filosof&#xED;a de la tecnolog&#xED;a 99- CAP&#xCD;TULO II. ASPECTOS EPISTEMOL&#xD3;GICOS 102- CAP&#xCD;TULO II. ASPECTOS EPISTEMOL&#xD3;GICOS 103-Tecnolog&#xED;a como Ciencia Aplicada o Ciencia Ingenieril: la discusi&#xF3;n epistemol&#xF3;gica detr&#xE1;s de la denominaci&#xF3;n.103- 
-104- La epistemolog&#xED;a, l&#xED;mites y alcances. La discusi&#xF3;n sobre la intenci&#xF3;n detr&#xE1;s del denominar a tecnolog&#xED;a como 'ciencia aplicada' .106- El problema de denominar a la tecnolog&#xED;a como 'ciencia ingenieril'..110-Los problemas que competen a una epistemolog&#xED;a de la tecnolog&#xED;a.115- CAP&#xCD;TULO III. ASPECTOS &#xC9;TICOS.120- CAP&#xCD;TULO III. ASPECTOS &#xC9;TICOS. 121- Tecnolog&#xED;a y sociedad: influencia, neutralidad o ambivalencia.121-El problema de la neutralidad de la t&#xE9;cnica.122-La tradici&#xF3;n marxista y la tecnolog&#xED;a.124- Tecnolog&#xED;a y libertad 134- 
Ciencia aplicada y neutralidad. 141- Ambivalencia del progreso t&#xE9;cnico. 144-
&#xC9;tica y pr&#xE1;ctica tecnol&#xF3;gica 145- Aspectos negativos de la tecnolog&#xED;a.147- 
C&#xF3;mo afrontar las consecuencias negativas del progreso tecnol&#xF3;gico.153- 
CONCLUSI&#xD3;N. 163- Bibliografia.168-


</subfield>
  </datafield>
  <datafield tag="650" ind1=" " ind2="a">
    <subfield code="a">1-Procesos sociales 2- Cambio social 3- Desarrollo de la ciencia 4- tecnolog&#xED;a </subfield>
  </datafield>
  <datafield tag="942" ind1=" " ind2=" ">
    <subfield code="2">ddc</subfield>
    <subfield code="c">LIB</subfield>
    <subfield code="n">0</subfield>
  </datafield>
  <datafield tag="999" ind1=" " ind2=" ">
    <subfield code="c">12483</subfield>
    <subfield code="d">12483</subfield>
  </datafield>
</record>
